Theories of nationalism : a critical introduction

Αποθηκεύτηκε σε:
Λεπτομέρειες βιβλιογραφικής εγγραφής
Κύριος συγγραφέας: Ozkirimli, Umut
Άλλοι συγγραφείς: Halliday, Fred (Συγγραφέας εισαγωγής κ.λπ.)
Μορφή: Βιβλίο
Γλώσσα:English
Δημοσίευση: New York : St. Martins Press, 2000.
Θέματα:
Ετικέτες: Προσθήκη ετικέτας
Δεν υπάρχουν, Καταχωρήστε ετικέτα πρώτοι!

MARC

LEADER 00000cam a2200000 i 4500
001 1/89181
008 080619s2000 nyu| ||| |||| ||eng||
020 |a 0333777123 (pbk.) 
020 |a 031222942- (pbk.) 
035 |l 10098301 
040 |a GR-MyUA  |b gre  |e AACR2 
041 0 |a eng 
082 0 |a 320.54  |2 (22) 
100 1 |a Ozkirimli, Umut. 
245 1 0 |a Theories of nationalism :   |b a critical introduction /   |c Umut Ozkirimli ; foreword by Fred Halliday.  
260 |a New York :   |b St. Martins Press,   |c 2000.  
300 |a xi, 253 σ. ;   |c 23 εκ.  
500 |a Βασισμένο στην διδακτορική διατριβή του συγγραφέα 
504 |a Βιβλιογραφία: σ. 234-246.  
504 |a Ευρετήριο: σ. 247-253.  
650 0 0 |a Nationalism. 
700 1 |a Halliday, Fred,  |e aui 
767 0 8 |i Μεταφρασμένο ως:   |t Θεωρίες του εθνικισμού :  
852 |a INST  |b LESVOS  |e 20080619  |h 320.54 OZK  |p 005100041649  |q 005100041649  |t BK  |y 0 
901 |a BIBL1-2008-2 
909 |a Λ  |b 151664 
922 |a 1ΕΛΗ  |b 200803  |c ΕΠΕΑΕΚ2/ΤΚΑ  |d Παπασωτηρίου 
970 |a Καρά  |b Γιασεμή  |z 2008/06/19